000 00312nam a2200109Ia 4500
008 200302s9999 xx 000 0 und d
100 _aPeter Murray & Other
245 _aNew Urban Environments British Architecture & its European Context
260 _bPrestel Books Pvt. Ltd.
260 _c1998
300 _a189 P.,
999 _c5579
_d5579